Statistics for Kanye West Charting Songs (Billboard Hot 100)

Click here to take the quiz!

General Stats

  • This quiz has been taken 300 times
    (88 since last reset)
  • The average score is 42 of 157

Answer Stats

AlbumWeeks OnPeakArtist(s)Song% Correct
Late Registration39 Weeks#1 (1 Week)Kanye West ft. Jamie FoxxGold Digger
93%
808s and Heartbreak30 Weeks#2Kanye WestHeartless
85%
Graduation27 Weeks#1 (1 Week)Kanye WestStronger
81%
VULTURES 110 Weeks#1 (1 Week)¥$: Kanye West & Ty Dolla $ign ft. Rich The Kid & Playboi CartiCARNIVAL
78%
Watch The Throne36 Weeks#5Kanye West & Jay-ZNiggas in Paris
73%
My Beautiful Dark Twisted Fantasy13 Weeks#12Kanye West ft. Pusha TRunaway
73%
Yeezus6 Weeks#12Kanye WestBound 2
68%
The College Dropout20 Weeks#7Kanye West ft. Syleena JohnsonAll Falls Down
67%
Donda11 Weeks#6Kanye West ft. Lil Baby & The WeekndHurricane
66%
Kamikaze / The College Dropout22 Weeks#1 (1 Week)Twista ft. Kanye West & Jamie FoxxSlow Jamz
66%
Graduation21 Weeks#7Kanye West ft. T-PainGood Life
63%
My Beautiful Dark Twisted Fantasy25 Weeks#18Kanye West ft. RihannaAll of the Lights
62%
Harverd Dropout12 Weeks#6Kanye West & Lil PumpI Love It
62%
Watch The Throne20 Weeks#12Kanye West & Jay-Z ft. Otis ReddingOtis
62%
Shine30 Weeks#9Estelle ft. Kanye WestAmerican Boy
59%
Non-Album Single20 Weeks#4Kanye West, Rihanna & Paul McCartneyFourFiveSeconds
59%
Ye2 Weeks#16Kanye West ft. PartyNextDoor, Kid Cudi & 070 ShakeGhost Town
59%
Ye2 Weeks#27Kanye WestViolent Crimes
58%
My Beautiful Dark Twisted Fantasy10 Weeks#18Kanye West ft. Jay-Z, Rick Ross, Nicki Minaj & Bon IverMonster
55%
Donda3 Weeks#10Kanye West ft. Jay-ZJail
53%
The College Dropout25 Weeks#11Kanye WestJesus Walks
53%
Donda4 Weeks#11Kanye West ft. Playboi Carti & Fivio ForeignOff the Grid
53%
Graduation20 Weeks#29Kanye West ft. DweleFlashing Lights
52%
JESUS IS KING6 Weeks#7Kanye WestFollow God
52%
More Than a Game: Soundtrack24 Weeks#8Drake ft. Kanye West, Lil Wayne & EminemForever
52%
Donda5 Weeks#17Kanye West ft. Kid Cudi & Don ToliverMoon
49%
My Beautiful Dark Twisted Fantasy16 Weeks#22Kanye WestPOWER
49%
Ye9 Weeks#11Kanye WestAll Mine
48%
VULTURES 15 Weeks#33¥$: Kanye West & Ty Dolla $ignBURN
48%
Honest3 Weeks#98Future ft. Kanye WestI Won
48%
808s and Heartbreak23 Weeks#3Kanye WestLove Lockdown
47%
The Blueprint 323 Weeks#2Jay-Z ft. Kanye West & RihannaRun This Town
47%
The College Dropout21 Weeks#15Kanye WestThrough the Wire
45%
Teenage Dream: The Complete Confection30 Weeks#1 (5 Weeks)Katy Perry ft. Kanye WestE.T.
44%
VULTURES 12 Weeks#34¥$: Kanye West & Ty Dolla $ign ft. Lil Durk & Bump JVULTURES
44%
Ye5 Weeks#8Kanye WestYikes
44%
Late Registration9 Weeks#42Kanye West ft. Lupe FiascoTouch the Sky
42%
Graduation7 Weeks#69Kanye West ft. Chris MartinHomecoming
40%
The Life of Pablo23 Weeks#37Kanye WestFather Stretch My Hands, Pt. 1
38%
JESUS IS KING1 Week#36Kanye WestGod Is
38%
VULTURES 15 Weeks#23¥$: Kanye West & Ty Dolla $ignFUK SUMN
37%
The Life of Pablo14 Weeks#34Kanye WestFamous
36%
VULTURES 12 Weeks#30¥$: Kanye West & Ty Dolla $ign ft. North WestTALKING
36%
Graduation19 Weeks#41Kanye WestCan't Tell Me Nothing
34%
Donda7 Weeks#20Kanye West ft. Baby Keem & Travi$ ScottPraise God
34%
VULTURES 11 Week#39Kanye West & Ty Dolla $ignSTARS
34%
Yeezus4 Weeks#69Kanye WestBlack Skinhead
33%
JESUS IS KING2 Weeks#17Kanye WestClosed on Sunday
33%
Donda1 Week#58Kanye West ft. Stalone & Ariana GrandeDonda
33%
VULTURES 11 Week#94Kanye West & Ty Dolla $ignKING
33%
Cruel Summer32 Weeks#13Kanye West, Big Sean, Pusha T & 2 ChainzMercy
33%
JESUS IS KING2 Weeks#19Kanye WestSelah
33%
My Beautiful Dark Twisted Fantasy1 Week#60Kanye West ft. Teyana Taylor, Nicki Minaj & Bon IverDark Fantasy
32%
Watch The Throne5 Weeks#72Kanye West & Jay-Z ft. Frank OceanNo Church in the Wild
32%
Late Registration16 Weeks#26Kanye West ft. Adam LevineHeard 'Em Say
30%
Ye1 Week#28Kanye WestI Thought About Killing You
30%
Donda2 Weeks#16Kanye West ft. Playboi CartiJunya
30%
808s and Heartbreak5 Weeks#81Kanye West ft. Young JeezyAmazing
29%
VULTURES 13 Weeks#26¥$: Kanye West & Ty Dolla $ignBACK TO ME
29%
VULTURES 11 Week#53Kanye West & Ty Dolla $ignPAID
29%
VULTURES 11 Week#79Kanye West & Ty Dolla $ignPROBLEMATIC
29%
Donda2 Weeks#12Kanye West ft. Fivio Foreign, Lil Yachty & RoogaOk Ok
27%
JESUS IS KING2 Weeks#23Kanye WestOn God
27%
Non-Album Single8 Weeks#35Kanye West ft. Paul McCartneyOnly One
27%
God Did1 Week#49DJ Khaled ft. Kanye West & EminemUse This Gospel
27%
JESUS IS KING1 Week#37Kanye West ft. Clipse & Kenny GUse This Gospel
27%
Non-Album Single15 Weeks#15Kanye West ft. Theophilus London, Allan Kingdom & Paul McCartneyAll Day
26%
The Life of Pablo13 Weeks#47Kanye WestFade
26%
VULTURES 11 Week#67Kanye West & Ty Dolla $ignHOODRAT
26%
Ye1 Week#36Kanye WestNo Mistakes
26%
Look at Me: The Album and Donda 23 Weeks#22Kanye West & XXXTENTACIONTrue Love
26%
JESUS IS KING1 Week#51Kanye West ft. Ant ClemmonsWater
26%
Ye2 Weeks#24Kanye WestWouldn't Leave
26%
Late Registration1 Week#18Kanye West ft. Cam'ron & ConsequenceGone
25%
VULTURES 11 Week#55Kanye West & Ty Dolla $ignKEYS TO MY LIFE
25%
Yeezus2 Weeks#56Kanye WestNew Slaves
25%
VULTURES 12 Weeks#52Kanye West & Ty Dolla $ignDO IT
23%
VULTURES 11 Week#64Kanye West & Ty Dolla $ignPAPERWORK
23%
Donda1 Week#77Kanye WestCome to Life
22%
Donda1 Week#63Kanye West ft. DaBaby & Marilyn MansonJail Pt. 2
22%
Donda2 Weeks#40Kanye West ft. Young ThugRemote Control
22%
808s and Heartbreak4 Weeks#21Kanye West ft. Lil WayneSee You In My Nightmares
22%
The Life of Pablo2 Weeks#67Kanye WestUltralight Beam
22%
Non-Album Single2 Weeks#49Kanye West ft. Travi$ ScottWash Us in the Blood
22%
AstroWorld5 Weeks#16Travi$ Scott ft. Lil Uzi Vert & Kanye WestWatch
22%
VULTURES 11 Week#65Kanye West & Ty Dolla $ignBEG FORGIVENESS
21%
Cruel Summer22 Weeks#12Kanye West, Jay-Z & Big SeanClique
21%
Late Registration19 Weeks#43Kanye WestDiamonds from Sierra Leone
21%
Donda2 Weeks#26Kanye West ft. Jay ElectronicaJesus Lord
21%
The Life of Pablo3 Weeks#54Kanye WestPt. 2
21%
Man on the Moon II: The Legend of Mr. Rager5 Weeks#22Kid Cudi ft. Kanye WestErase Me
19%
JESUS IS KING1 Week#45Kanye West ft. Sunday Service ChoirEvery Hour
19%
We All Shine18 Weeks#42YNW Melly ft. Kanye WestMixed Personalities
19%
Donda1 Week#53Kanye West ft. Sunday Service Choir & VoryNo Child Left Behind
19%
The Life of Pablo2 Weeks#71Kanye WestWaves
19%
Donda 23 Weeks#49The Game ft. Kanye WestEazy
18%
JESUS IS KING1 Week#33Kanye West ft. Ty Dolla $ign & Ant ClemmonsEverything We Need
18%
JESUS IS KING1 Week#63Kanye WestJesus is Lord
18%
The Life of Pablo1 Week#92Kanye West ft. Ty Dolla $ignReal Friends
18%
Yeezus2 Weeks#89Kanye WestBlood On The Leaves
16%
B.I.B.L.E. and Donda 210 Weeks#46Fivio Foreign, Kanye West & Alicia KeysCity of Gods
16%
Non-Album Single12 Weeks#13Cardi B ft. Kanye West & Lil DurkHot Shit
16%
Donda2 Weeks#27Kanye West ft. Vory & Lil DurkJonah
16%
Donda1 Week#52Kanye West ft. Roddy Ricch & ShenseeaPure Souls
16%
The Life of Pablo1 Week#84Kanye WestFML
15%
VULTURES 11 Week#93Kanye West & Ty Dolla $ignGOOD (DON'T DIE)
15%
Donda1 Week#90Kanye West ft. Pop SmokeTell the Vision
15%
Faith1 Week#49Pop Smoke ft. Kanye West & Pusha TTell the Vision
15%
Cruel Summer1 Week#86Kanye West ft. DJ KhaledWay Too Cold
15%
Donda1 Week#43Kanye West ft. Sunday Service Choir24
14%
I NEVER LIKED YOU1 Week#15Future ft. Kanye WestKEEP IT BURNIN
14%
Donda1 Week#30Kanye West ft. VoryGod Breathed
12%
Donda1 Week#42Kanye WestHeaven and Hell
12%
Donda1 Week#59Kanye West ft. Conway The Machine, KayCyy & Westside GunnKeep My Spirit Alive
12%
Cruel Winter3 Weeks#71Kanye West, Gucci Mane, Big Sean, 2 Chainz, Travi$ Scott, Yo Gotti, Quavo & DesiignerChampions
11%
Watch The Throne7 Weeks#23Kanye West & Jay-ZH*A*M
11%
The Life of Pablo1 Week#99Kanye WestFeedback
10%
Whole Lotta Red1 Week#82Playboi Carti ft. Kanye WestGo2DaMoon
10%
The Recession20 Weeks#12Young Jeezy ft. Kanye WestPut On
10%
Watch The Throne2 Weeks#44Kanye West & Jay-ZWho Gon Stop Me
10%
Donda2 Weeks#28Kanye WestBelieve What I Say
8%
Watch The Throne11 Weeks#69Kanye West & Jay-ZGotta Have It
8%
JESUS IS KING1 Week#60Kanye West ft. Fred HammondHands On
8%
Man on the Moon: The End of Day15 Weeks#43Kid Cudi ft. Kanye West & CommonMake Her Say
8%
Donda1 Week#68Kanye West ft. Chris BrownNew Again
8%
Blank Face LP20 Weeks#40ScHoolboy Q ft. Kanye WestTHat Part
8%
More Life2 Weeks#54Drake ft. Kanye WestGlow
7%
In A Perfect World...31 Weeks#3Keri Hilson ft. Kanye West & Ne-YoKnock You Down
7%
Donda1 Week#70Kanye West ft. Sunday Service ChoirLord I Need You
7%
Views20 Weeks#16Drake ft. Kanye West & Jay-ZPop Style
7%
Dummy Boy4 Weeks#436ix9ine ft. Kanye West & Nicki MinajMAMA
5%
Non-Album Single1 Week#85Kanye West ft. T.I.Ye Vs. The People
5%
Cruel Summer1 Week#89Kanye West & Pusha TNew God Flow
4%
It's Almost Dry1 Week#78Pusha T ft. Kanye West & Kid CudiRock N Roll
4%
Detroit Deli (A Taste of Detroit)17 Weeks#55Slum Village ft. Kanye West & John LegendSelfish
4%
DAYTONA1 Week#75Pusha T ft. Kanye WestWhat Would Meek Do?
4%
Based on a T.R.U. Story20 Weeks#472 Chainz ft. Kanye WestBirthday Song
3%
It's Almost Dry1 Week#81Pusha T ft. Kanye WestDreamin' of the Past
3%
Skins1 Week#62XXXTENTACION ft. Kanye West & Travis BarkerOne Minute
3%
Paper Trail20 Weeks#5Jay-Z & T.I. ft. Kanye West & Lil WayneSwagga Like Us
3%
Dark Sky Paradise1 Week#80Big Sean ft. Kanye WestAll Your Fault
1%
Nasir1 Week#96Nas ft. Kanye WestCop Shot The Kid
1%
Intuition1 Week#92Jamie Foxx ft. Kanye West, The-Dream & DrakeDigital Girl
1%
We Global2 Weeks#69DJ Khaled ft. Kanye West & T-PainGo Hard
1%
Finally Famous20 Weeks#32Big Sean ft. Kanye West & Roscoe DashMarvin & Chardonnay
1%
Deeper Than Rap1 Week#92Rick Ross ft. T-Pain, Kanye West & Lil WayneMaybach Music 2
1%
In My Mind3 Weeks#57Pharrell ft. Kanye WestNumber One
1%
Dark Sky Paradise10 Weeks#82Big Sean ft. Kanye West & John LegendOne Man Can Change The World
1%
Mastermind1 Week#78Rick Ross ft. Kanye West & Big SeanSanctified
1%
Afrodisiac14 Weeks#36Brandy ft. Kanye WestTalk About Our Love
1%
Love vs. Money9 Weeks#87The-Dream ft. Kanye WestWalkin' On The Moon
1%
Purple Haze1 Week#94Cam'ron ft. Kanye West & Syleena JohnsonDown and Out
0%
Kiss the Ring2 Weeks#78DJ Khaled ft. Kanye West & Rick RossI Wish You Would
0%
Everybody Looking1 Week#89Gucci Mane ft. Kanye WestPussy Print
0%
Neighborhood Watch5 Weeks#78Dilated Peoples ft. Kanye WestThis Way
0%
Cruel Summer2 Weeks#70Kanye West & R. KellyTo the World
0%
Doctor's Advocate9 Weeks#64The Game ft. Kanye WestWouldn't Get Far
0%

Score Distribution

Percentile by Number Answered

Percent of People with Each Score

Your Score History

You have not taken this quiz since the last reset